000 00358nam a2200145Ia 4500
008 230405s9999 xx 000 0 und d
020 _a9789383056262
082 _a909
_bGARA
100 _aRajendra Garg
245 0 _aAatmhinta aur anya Manovikar
260 _aJaipur
_bMonika Prakashan
300 _a214
650 _aHistory , World History
942 _cBK
999 _c1496
_d1496